000 00329nam a22001457a 4500
008 221028b ||||| |||| 00| 0 eng d
020 _a97832179854185177543
041 _aeng
080 _2ELVENTH EDITION
_a579
082 _a579 TOR
100 _a17
101 _aMICRO
245 _aMICROBIOLOGY
_cTORTORA
942 _2udc
_cBK
999 _c58689
_d58689